Podział administracyjny Korei Północnej - Statystyki

Ogólne statystyki
  • Ten quiz został rozwiązany 5 razy
  • Średni wynik to 3 z 14
Statystyki odpowiedzi
Nazwa jednostki administracyjnej Nazwa % Poprawnych
Miasta administrowane przez rząd Pjongjang
100%
Prowincje Chagang
25%
Hwanghae Północne
25%
Hwanghae Południowe
25%
Kangwon
25%
P’yongan Północny
25%
P’yongan Południowy
25%
Rason
25%
Ryanggang
25%
Hamgyong Północny
0%
Hamgyong Południowy
0%
Regiony specjalne Obszar Przemysłowy Kaesong
0%
Region Turystyczny Kumgangsan
0%
Specjalny Region Administracyjny Sinuiju
0%
Nie znaleziono quizów pasujących do podanych kryteriów
Rozkład punktacji
Procent ludzi z każdym wynikiem
Percentyl według liczby udzielonych odpowiedzi
Twoja historia wyników
Nie rozwiązałeś tego quizu